| 000 | 00622nam a22001937a 4500 | ||
|---|---|---|---|
| 003 | OSt | ||
| 005 | 20250623083423.0 | ||
| 008 | 250623b |||||||| |||| 00| 0 eng d | ||
| 020 | _a 978-621-427-022-4 | ||
| 040 |
_aDWCL - Main lib _cOC |
||
| 082 | _aFil. 337 A712t 2018 | ||
| 100 | _aAriola, Mariano M. | ||
| 245 |
_aThe contemporary world/ _cMariano M. Ariola |
||
| 260 |
_aManila, Philippines: _bUnlimited books library services & publishing inc, _cc2018. |
||
| 300 |
_a x, 131 pages : _billustrations ; _c23cm. |
||
| 650 | _a1. History- modern | ||
| 650 | _a2. Social science | ||
| 942 |
_2ddc _cBK - FIL _kFil. _n0 |
||
| 999 |
_c3246 _d3246 |
||